[Event "ch-AUT"]
[Site "Jenbach AUT"]
[Date "2009.07.31"]
[Round "7"]
[White "Baumegger,S"]
[Black "Halvax,G"]
[Result "1-0"]
[WhiteElo "2455"]
[BlackElo "2260"]

1.c4 g6 2.d4 Nf6 3.Nc3 Bg7 4.e4 d6 5.Nf3 O-O 6.Be2 e5 7.O-O Nc6 8.d5 Ne7
9.Ne1 Nd7 10.Nd3 f5 11.Bd2 Nf6 12.f3 f4 13.g4 fxg3 14.hxg3 Nh5 15.Kg2 c6
16.Rh1 Bd7 17.Rc1 cxd5 18.cxd5 b5 19.Be3 Qb8 20.Qd2 Rc8 21.g4 Nf6 22.Bh6 Bh8
23.Nf2 b4 24.Ncd1 Bb5 25.Ne3 Bxe2 26.Qxe2 Nd7 27.Nc4 Qb5 28.Rc2 Qa6 29.Rhc1 Nb6
30.Nxd6 Qxe2 31.Rxe2 Rxc1 32.Bxc1 Rd8 33.Nb7 Rc8 34.Bg5 Kf8 35.Na5 Kf7 36.Bxe7 Kxe7
37.Nc6+ Kd6 38.Nxb4 Bf6 39.Rc2 Rxc2 40.Nxc2 Bg5 41.b3 Bd2 42.Nd3 a6 43.Na3 Be3
44.Nc4+ Nxc4 45.bxc4 a5 46.a4 h6 47.Kg3  1-0

[Event "Centroamericano & Caribbean U20"]
[Site "Medellin COL"]
[Date "2009.07.31"]
[Round "2"]
[White "Diaz Ordonez,C"]
[Black "Duran Vega,S"]
[Result "1-0"]
[WhiteElo "2373"]
[BlackElo "2075"]

1.d4 Nf6 2.c4 g6 3.Nc3 Bg7 4.e4 d6 5.Nf3 O-O 6.Be2 e5 7.O-O Nc6 8.d5 Ne7
9.b4 Nh5 10.Re1 a5 11.bxa5 f5 12.Nd2 Nf6 13.Nb3 fxe4 14.Bg5 Nf5 15.Nxe4 h6
16.Bxf6 Bxf6 17.c5 dxc5 18.Nexc5 Nd4 19.Bc4 Kh7 20.Ne6 Nxe6 21.dxe6 Qe7 22.Qg4 Re8
23.Rad1 h5 24.Qf3 c6 25.Nc5 Qxc5 26.Qxf6 Rf8 27.Qh4 Rxa5 28.e7  1-0

[Event "Centroamericano & Caribbean U20 w"]
[Site "Medellin COL"]
[Date "2009.07.31"]
[Round "2"]
[White "Echeverry,M"]
[Black "Salazar,Au"]
[Result "0-1"]
[WhiteElo "1851"]
[BlackElo "2049"]

1.d4 Nf6 2.c4 g6 3.Nc3 Bg7 4.e4 d6 5.Nf3 O-O 6.Be2 e5 7.O-O Nc6 8.d5 Ne7
9.Ne1 Nd7 10.Nd3 f5 11.Bd2 Nf6 12.f3 f4 13.c5 g5 14.cxd6 cxd6 15.Nf2 Ng6
16.Rc1 Rf7 17.Qb3 Bf8 18.Nb5 Ne8 19.Rc2 a6 20.Nc7 Rxc7 21.Ba5 Qd7 22.Bxc7 Nxc7
23.Rfc1 Ne8 24.Ng4 h5 25.Nf2 Qd8 26.Rc3 b5 27.Nd3 g4 28.Nb4 Bd7 29.Nc6 Qh4
30.fxg4 hxg4 31.Bf1 Bh6 32.R1c2 Nf6 33.Qb4 Bf8 34.g3 Qh6 35.Rb3 Nh7 36.Qe1 Ng5
37.Bg2 Bg7 38.Qb4 Bf8 39.Qe1 Rc8 40.Ra3 f3 41.Bf1 f2+ 42.Qxf2 Nxe4 43.Qa7 Bf5
44.Bd3 b4 45.Rxa6 Nxg3 46.Bxf5 Nxf5 47.Qf2 Nf4 48.Qd2 Rc7 49.Ra7 Rxa7 50.Nxa7 Nd4  0-1

[Event "Czech Open A"]
[Site "Pardubice CZE"]
[Date "2009.07.31"]
[Round "8"]
[White "Kjartansson,G"]
[Black "Erdogdu,M"]
[Result "0-1"]
[WhiteElo "2356"]
[BlackElo "2463"]

1.d4 Nf6 2.c4 g6 3.Nc3 Bg7 4.e4 d6 5.Nf3 O-O 6.Be2 e5 7.O-O Nc6 8.d5 Ne7
9.b4 a5 10.Ba3 axb4 11.Bxb4 Nd7 12.a4 Bh6 13.a5 f5 14.Bd3 Kh8 15.Nd2 Ng8
16.Qc2 Rf7 17.Rad1 Ndf6 18.c5 fxe4 19.Ndxe4 Nxe4 20.Nxe4 Bf5 21.a6 bxa6 22.cxd6 Bxe4
23.Bxe4 cxd6 24.Qc6 Rf6 25.Ba5 Qf8 26.Rb1 Rc8 27.Qxa6 Ra8 28.Qb5 Rf7 29.Bb4 Nf6
30.Bf3 e4 31.Be2 e3 32.f3 Ra2 33.Bc3 Bg7 34.Rfe1 Re7 35.Bc4 Ra8 36.Bd4 Nh5
37.Qb6 Qf4 38.Bxg7+ Kxg7 39.Bd3 Nf6 40.Be4 Ra3 41.Qb2 Ra4 42.Qc3 Rexe4 43.fxe4 Qf2+
44.Kh1 Ra2 45.Rg1 Kh6 46.Rbf1 Ng4 47.Qc8 e2 48.Rb1 Qf4  0-1

[Event "Tchibo Open B"]
[Site "Pardubice CZE"]
[Date "2009.07.31"]
[Round "8"]
[White "Balacek,T"]
[Black "Gurbanzade,E"]
[Result "1-0"]
[WhiteElo "2098"]
[BlackElo "2183"]

1.d4 Nf6 2.Nf3 g6 3.c4 Bg7 4.Nc3 O-O 5.e4 d6 6.Be2 e5 7.O-O Nc6 8.d5 Ne7
9.Ne1 Nd7 10.Nd3 f5 11.Bd2 Nf6 12.f3 f4 13.c5 g5 14.Rc1 Ng6 15.cxd6 cxd6
16.Nb5 Rf7 17.Qc2 Ne8 18.a4 Bf8 19.Nf2 Bd7 20.Qb3 Rg7 21.Rc2 h5 22.h3 Nf6
23.Rfc1 g4 24.fxg4 hxg4 25.hxg4 Nh4 26.Be1 Nxg4 27.Nxg4 Bxg4 28.Bxg4 Rxg4
29.Nc7 Rb8 30.Ne6 Qe8 31.Qh3 Qh5 32.Rc8 Rxc8 33.Rxc8 Rxg2+ 34.Kh1 Rh2+ 35.Qxh2 Qf3+
36.Kg1 Qe3+ 37.Qf2 Nf3+ 38.Kh1 Qxe4 39.Qg2+ Kh7 40.Ng5+ Nxg5 41.Qxe4+  1-0

[Event "14th Open"]
[Site "Creon FRA"]
[Date "2009.08.01"]
[Round "8"]
[White "Brunner,N"]
[Black "Pass,D"]
[Result "1-0"]
[WhiteElo "2421"]
[BlackElo "2000"]

1.d4 Nf6 2.c4 g6 3.Nc3 Bg7 4.e4 d6 5.Be2 O-O 6.Nf3 e5 7.O-O Nc6 8.d5 Ne7
9.Ne1 Nd7 10.Be3 f5 11.f3 f4 12.Bf2 g5 13.a4 a5 14.Nd3 b6 15.Be1 h5 16.Nb5 Nf6
17.b4 Kh8 18.bxa5 bxa5 19.c5 Neg8 20.cxd6 cxd6 21.Rc1 Rf7 22.Rc4 Bf8 23.Qc2 Ne8
24.Bxa5 Qxa5 25.Rxc8 Rxc8 26.Qxc8 Qb6+ 27.Kh1 Ngf6 28.Nf2 Qe3 29.Qc2 g4 30.a5 gxf3
31.gxf3 Nd7 32.a6 Qb6 33.a7 Qa5 34.Qc3 Qxc3 35.Nxc3 Nb6 36.Rb1  1-0

[Event "16th ORDIX Open"]
[Site "Mainz GER"]
[Date "2009.08.01"]
[Round "1"]
[White "Bacrot,E"]
[Black "Kraft,W"]
[Result "1-0"]
[WhiteElo "2721"]
[BlackElo "2134"]

1.d4 Nf6 2.c4 g6 3.Nc3 Bg7 4.e4 d6 5.Nf3 O-O 6.Be2 e5 7.O-O Nc6 8.d5 Ne7
9.b4 Nd7 10.Ba3 f5 11.Ng5 Nf6 12.c5 fxe4 13.cxd6 cxd6 14.Ncxe4 Nxe4 15.Nxe4 Bf5
16.Ng5 Rc8 17.b5 e4 18.Rc1 Qb6 19.g4 Bh6 20.h4 Bd7 21.Rxc8 Nxc8 22.Nxe4 Rf4
23.Bc1 Rxe4 24.Bxh6 Rd4 25.Qa1 Bxg4 26.Rd1 Bxe2 27.Rxd4  1-0

[Event "Czech Open A"]
[Site "Pardubice CZE"]
[Date "2009.08.01"]
[Round "9"]
[White "Cifka,S"]
[Black "Tiemann,C"]
[Result "1-0"]
[WhiteElo "2420"]
[BlackElo "2217"]

1.d4 Nf6 2.c4 g6 3.Nc3 Bg7 4.e4 d6 5.Be2 O-O 6.Nf3 e5 7.O-O Nc6 8.d5 Ne7
9.Nd2 Ne8 10.b4 f5 11.c5 Nf6 12.f3 f4 13.Nc4 g5 14.a4 Ng6 15.Ba3 Rf7 16.b5 dxc5
17.Bxc5 h5 18.a5 g4 19.Bf2 g3 20.hxg3 fxg3 21.Bxg3 Nh7 22.Qd2 h4 23.Bh2 Nf4
24.Bxf4 Rxf4 25.d6 c6 26.a6 cxb5 27.axb7 Bxb7 28.Nxb5 Qg5 29.Rxa7 Rxa7 30.Nxa7 h3
31.Ne3 Bh6 32.Rb1 Rf7 33.Bc4 Qxe3+ 34.Qxe3 Bxe3+ 35.Kh2 Ba6 36.d7 Bxc4 37.d8=Q+ Kg7
38.Nc8 Ng5 39.Nd6 Bf4+ 40.g3 Nxf3+ 41.Kh1 Bxg3 42.Nxc4  1-0

[Event "ch-AUT"]
[Site "Jenbach AUT"]
[Date "2009.08.02"]
[Round "9"]
[White "Freitag,Ma"]
[Black "Schwarhofer,C"]
[Result "1/2-1/2"]
[WhiteElo "2404"]
[BlackElo "2239"]

1.d4 Nf6 2.Nf3 g6 3.c4 Bg7 4.Nc3 O-O 5.e4 d6 6.Be2 e5 7.O-O Nc6 8.d5 Ne7
9.b4 Nh5 10.Re1 f5 11.Ng5 Nf4 12.Bxf4 exf4 13.Rc1 h6 14.Ne6 Bxe6 15.dxe6 Bxc3
16.Rxc3 fxe4 17.Bg4 h5 18.Bh3 a5 19.b5 c6 20.Rxe4 d5 21.cxd5 Qxd5 22.Qb1 Rad8
23.Re1 c5 24.b6 Rd6 25.g3 fxg3 26.Rxg3 Kh7 27.Bg2 Qd2 28.Rf3 Rxf3 29.Bxf3 Rxb6
30.Qxb6 Qxe1+ 31.Kg2 Qe5 32.Qxb7 Qxe6 33.Qe4 Qxe4 34.Bxe4 Kg7 35.f4 Kf6 36.Kf3 Nf5
37.Bd3 Nd4+ 38.Ke4 Nc6 39.a3 Nd4 40.Kd5 Ne6 41.Ke4 Nd4  1/2-1/2

[Event "ch-AUT"]
[Site "Jenbach AUT"]
[Date "2009.08.02"]
[Round "9"]
[White "Loidl,F"]
[Black "Jedinger,A"]
[Result "1-0"]
[WhiteElo "2251"]
[BlackElo "2170"]

1.d4 Nf6 2.c4 g6 3.Nc3 Bg7 4.e4 d6 5.Be2 O-O 6.Nf3 e5 7.O-O Nc6 8.d5 Ne7
9.Ne1 Nd7 10.f3 f5 11.g4 Kh8 12.g5 f4 13.Kh1 h6 14.gxh6 Bxh6 15.Nd3 Nf6 16.c5 Rf7
17.b4 Rh7 18.Bb2 Bg5 19.Nf2 Qf8 20.Kg2 Qh6 21.Rh1 Bh4 22.Ng4 Nxg4 23.fxg4 f3+
24.Bxf3 Bg5 25.h3 Bd7 26.Qd3 Rf8 27.Raf1 Rhf7 28.Be2 Bh4 29.Rxf7 Rxf7 30.Bf3 Qf8
31.Rf1 Ng8 32.Qe3 a5 33.bxa5 Kg7 34.a6 bxa6 35.Be2 Rxf1 36.Bxf1 Qb8 37.Bc1 Qb4
38.c6 Bc8 39.Bd2 Qb2 40.g5 Ne7 41.a4 Bf5 42.Kf3 Bxe4+ 43.Nxe4 Qb1 44.Qd3 Qd1+
45.Qe2 Qxa4 46.Kg4 Nf5 47.Bc3 Bxg5 48.h4 Bxh4 49.Kh3 Qb3 50.Qd3 Qb6 51.Bg2 Qg1
52.Bd2 Qd1 53.Bh6+  1-0

[Event "University of Twente YM"]
[Site "Enschede NED"]
[Date "2009.08.03"]
[Round "4"]
[White "Rademakers,E"]
[Black "Pruijssers,R"]
[Result "0-1"]
[WhiteElo "2154"]
[BlackElo "2401"]

1.d4 Nf6 2.c4 g6 3.Nc3 Bg7 4.e4 d6 5.Nf3 O-O 6.Be2 e5 7.O-O Nc6 8.d5 Ne7
9.Ne1 Nd7 10.f3 f5 11.Nd3 f4 12.Bd2 g5 13.Rc1 Rf6 14.c5 dxc5 15.b4 cxb4 16.Nxb4 Kh8
17.Nb5 c6 18.dxc6 bxc6 19.Na3 c5 20.Nd3 Ba6 21.Nc4 Nc6 22.Be1 Nb6 23.Ndxe5 Nxe5
24.Nxe5 Bxe2 25.Qxe2 Qd4+ 26.Bf2 Qxe5 27.Rxc5 Qe6 28.Rxg5 Rg6 29.Qb5 Rd8
30.a4 Qd7 31.a5 Qxb5 32.Rxb5 Nc4 33.Bxa7 Ne3 34.Bxe3 fxe3 35.Rfb1 Bc3 36.Rb8 Bxa5
37.Rxd8+ Bxd8 38.Kf1 Bb6 39.g3 Rc6 40.Rb2 Bd4 41.Re2 Rc1+ 42.Kg2 Kg7 43.f4 h5
44.h3 Kf6 45.g4 h4  0-1

[Event "Open"]
[Site "Kavala GRE"]
[Date "2009.08.04"]
[Round "5"]
[White "Arun Prasad,S"]
[Black "Ashwin,J"]
[Result "1-0"]
[WhiteElo "2556"]
[BlackElo "2425"]

1.d4 Nf6 2.c4 g6 3.Nc3 Bg7 4.e4 d6 5.Nf3 O-O 6.Be2 e5 7.O-O Nc6 8.d5 Ne7
9.b4 Nh5 10.Re1 f5 11.Ng5 Nf6 12.f3 Kh8 13.Rb1 h6 14.Ne6 Bxe6 15.dxe6 fxe4
16.fxe4 Nc6 17.Nd5 Ng8 18.Bd3 Nd4 19.Qg4 g5 20.Be3 c6 21.Rf1 cxd5 22.exd5 Nf6
23.Qh3 e4 24.Bxd4 exd3 25.Qxd3 Qe7 26.c5 Rac8 27.Rbe1 Ng8 28.Rxf8 Qxf8 29.Rf1 Bxd4+
30.Qxd4+ Qg7 31.Qxg7+ Kxg7 32.cxd6 Nf6 33.d7 Rd8 34.d6 Nxd7 35.Rf7+ Kg6 36.Rxd7 Re8
37.e7 Kf7 38.Rd8  1-0

[Event "FSIMA August"]
[Site "Budapest HUN"]
[Date "2009.08.06"]
[Round "6"]
[White "Kahn,E"]
[Black "Farago,S"]
[Result "1/2-1/2"]
[WhiteElo "2281"]
[BlackElo "2244"]

1.d4 Nf6 2.c4 g6 3.Nc3 Bg7 4.e4 d6 5.Nf3 O-O 6.Be2 e5 7.O-O Nc6 8.Be3 Re8
9.d5 Nd4 10.Nxd4 exd4 11.Bxd4 Nxe4  1/2-1/2

[Event "110th US Open"]
[Site "Indianapolis USA"]
[Date "2009.08.06"]
[Round "6"]
[White "Kelley,D"]
[Black "Yanayt,E"]
[Result "1-0"]
[WhiteElo "2150"]
[BlackElo "2180"]

1.d4 Nf6 2.c4 g6 3.Nc3 Bg7 4.e4 d6 5.Be2 O-O 6.Nf3 e5 7.O-O Nc6 8.d5 Ne7
9.Ne1 Nd7 10.Be3 f5 11.f3 f4 12.Bf2 g5 13.Rc1 Rf6 14.c5 dxc5 15.Nd3 b6 16.b4 cxb4
17.Nb5 c6 18.dxc6 Rxc6 19.Nxe5 Bxe5 20.Rxc6 Nxc6 21.Qd5+ Kh8 22.Qxc6 Rb8
23.Rd1 Qf6 24.Nxa7 Nc5 25.Qe8+ Kg7 26.Nxc8 Kh6 27.Rd5 Bc7 28.h4  1-0

[Event "Open"]
[Site "Kavala GRE"]
[Date "2009.08.06"]
[Round "7"]
[White "Antic,De"]
[Black "Mamedov,Nid"]
[Result "0-1"]
[WhiteElo "2523"]
[BlackElo "2614"]

1.d4 Nf6 2.c4 g6 3.Nc3 Bg7 4.e4 d6 5.Nf3 O-O 6.Be2 e5 7.O-O Nc6 8.d5 Ne7
9.b4 a5 10.bxa5 Rxa5 11.a4 Nd7 12.Ba3 Bh6 13.Bb4 Ra8 14.a5 f5 15.Bd3 Nf6
16.c5 fxe4 17.Bxe4 Bg4 18.Ra3 Nxe4 19.Nxe4 Rf4 20.Re1 Bf5 21.Nfd2 Nxd5 22.cxd6 Nxb4
23.Qb3+ Kh8 24.Qxb4 cxd6 25.Qxb7 d5 26.Nd6 Be6 27.Rxe5 Qxd6 28.Rae3 Re8 29.Rxe6 Rxe6
30.Qc8+ Rf8 31.Qxe6 Qxe6 32.Rxe6 Bxd2 33.Rd6 Bxa5 34.Rxd5 Bb6 35.Rd2 g5 36.h3 Rf6
37.g3 Kg7 38.Kg2 Kg6 39.Rc2 h5 40.Rb2 Bc5 41.Rc2 Rf5 42.Ra2 Kf6 43.Re2 Bd4
44.Ra2 Rb5 45.Ra4 Bb6 46.Ra2 Ke5 47.Re2+ Kd5 48.Re8 Rb2 49.Rf8 Ke4 50.Rf7 Bd4
51.Rf8 Re2 52.Kf1 Kd3 53.Rf3+ Kd2  0-1

[Event "Open"]
[Site "Ptuj SLO"]
[Date "2009.08.06"]
[Round "6"]
[White "Polajzer,D"]
[Black "Havas,Ju"]
[Result "1-0"]
[WhiteElo "2353"]
[BlackElo "1936"]

1.Nf3 Nf6 2.c4 g6 3.Nc3 Bg7 4.e4 d6 5.d4 O-O 6.Be2 e5 7.O-O Nc6 8.Be3 Ng4
9.Bg5 f6 10.Bc1 Nh6 11.c5 dxc5 12.dxc5 Be6 13.Qa4 Rf7 14.Rd1 Rd7 15.Rxd7 Qxd7
16.Nd5 Nf7 17.Bc4 Nd4 18.Qxd7 Nxf3+ 19.gxf3 Bxd7 20.Nxc7 Rc8 21.Ne6 Bxe6
22.Bxe6 Rxc5 23.Be3 Rc6 24.Bd5 Rc2 25.Bb3 Rc7 26.Rd1 Kf8 27.Bxa7 Bh6 28.Bb6 Rc1
29.Rxc1 Bxc1 30.Bd5 Bxb2 31.a4 Ke8 32.Bxb7 Bc3 33.a5 Bxa5 34.Bxa5 Ng5 35.Kg2 f5
36.Bd5 fxe4 37.fxe4 Ke7 38.Bc7  1-0

[Event "110th US Open"]
[Site "Indianapolis USA"]
[Date "2009.08.07"]
[Round "7"]
[White "Young,S"]
[Black "Amarasinghe,P"]
[Result "1/2-1/2"]
[WhiteElo "1886"]
[BlackElo "1946"]

1.d4 Nf6 2.c4 g6 3.Nc3 Bg7 4.e4 d6 5.Nf3 O-O 6.Be2 e5 7.O-O Nc6 8.dxe5 dxe5
9.Bg5 Be6 10.Qxd8 Rfxd8 11.Nd5 Bxd5 12.cxd5 Nb8 13.Nxe5 Re8 14.Bxf6 Bxf6
15.f4 Bxe5 16.fxe5 Rxe5 17.d6 cxd6 18.Bc4 Nc6 19.Bxf7+ Kg7 20.Bd5 Re7 21.Bxc6 bxc6
22.Rad1 Rd8 23.Rc1 c5 24.Rc4 Rb8 25.b3 a5 26.Rd1 Re6 27.Rd5 Rb4 28.e5 Rxe5
29.Rxd6 Rxc4 30.bxc4 Re4 31.Ra6 Rxc4 32.Rxa5 Kf6 33.Kf2 Ke5 34.Ra7 Rc2+ 35.Kf3 c4
36.a4 Ra2 37.a5 Kd4 38.a6 c3 39.Rd7+ Kc4 40.a7 h6 41.Ke3 Kb3 42.Rb7+ Kc2
43.Rc7 Ra3 44.Kd4 Kd2 45.Rxc3 Ra4+ 46.Rc4 Rxa7 47.Rc6 Ra4+ 48.Ke5 Rg4 49.g3 Ke3
50.Kf6  1/2-1/2

[Event "GMA"]
[Site "Peterhof RUS"]
[Date "2009.08.09"]
[Round "10"]
[White "Kaliberda,V"]
[Black "Gritsenko,An"]
[Result "1/2-1/2"]
[WhiteElo "2308"]
[BlackElo "2401"]

1.Nf3 Nf6 2.c4 g6 3.d4 Bg7 4.Nc3 O-O 5.e4 d6 6.Be2 e5 7.O-O Nc6 8.d5 Ne7
9.b4 a5 10.bxa5 Nd7 11.Nd2 Rxa5 12.Nb3 Ra8 13.a4 f5 14.a5 Nf6 15.f3 c5 16.Bd2 f4
17.Bd3 Bd7 18.Nb5 Ra6 19.Qb1 Bc8 20.Bc3 g5 21.Kf2 Ng6 22.Ke1 g4 23.Qb2 Nh5
24.Kd2 Qh4 25.fxg4 Bxg4 26.h3 Bc8 27.Kc1 f3 28.Rxf3 Rxf3 29.gxf3 Qxh3 30.Qf2 Nhf4
31.Bf1 Qh5 32.Nc7 Ra7 33.Nb5  1/2-1/2

[Event "4th Timisoara Cup B"]
[Site "Timisoara ROM"]
[Date "2009.08.09"]
[Round "9"]
[White "Florescu,C"]
[Black "Mocanu,Se"]
[Result "1/2-1/2"]
[WhiteElo "2261"]
[BlackElo "2137"]

1.d4 Nf6 2.c4 g6 3.Nc3 Bg7 4.e4 d6 5.Nf3 O-O 6.Be2 e5 7.O-O Nc6 8.d5 Ne7
9.b4 a5 10.Ba3 axb4 11.Bxb4 b6 12.a4 Ne8 13.Qb3 Rb8 14.Qc2 f5 15.Bd3 Bd7
16.Nd2 f4 17.Nb5 g5 18.a5 bxa5 19.Bxa5 g4 20.Rfb1 Ng6 21.c5 Bxb5 22.Bxb5 f3
23.g3 Rxb5 24.Rxb5 Qg5 25.Rb8 Nf4 26.gxf4 exf4 27.Ra3 Bd4 28.Kf1 Qh5 29.h4 Qxh4
30.Nxf3 Qh1+ 31.Ke2 Bxc5 32.Bb4 Bxf2 33.Qd1 Qxd1+ 34.Kxd1 gxf3 35.Raa8 Kf7
36.e5 Rg8 37.e6+ Ke7 38.Be1 Bg3 39.Ba5 f2 40.Ke2 f3+ 41.Kf1 Bh4 42.Rxe8+ Rxe8
43.Rxe8+ Kxe8 44.Bxc7 Ke7 45.Bb6  1/2-1/2

[Event "XVIII TCh-MKD"]
[Site "Struga MKD"]
[Date "2009.08.14"]
[Round "5"]
[White "Andonovski,L"]
[Black "Dimitrievski,D"]
[Result "1-0"]
[WhiteElo "2277"]
[BlackElo "2195"]

1.d4 Nf6 2.c4 g6 3.Nc3 Bg7 4.e4 d6 5.Nf3 O-O 6.Be2 e5 7.O-O Nc6 8.d5 Ne7
9.b4 Ne8 10.c5 f5 11.Ng5 Nf6 12.f3 f4 13.Bc4 Kh8 14.Ba3 h6 15.Ne6 Bxe6 16.dxe6 dxc5
17.bxc5 c6 18.Qb3 Qc7 19.Rfd1 Rfd8 20.Rd6 Bf8 21.Rad1 b6 22.Bb2 bxc5 23.Rxd8 Rxd8
24.Rxd8 Qxd8 25.Ne2 Qd2 26.Kf1 Bg7 27.Bxe5 g5 28.Bc3 Qd8 29.Ke1 Qb6 30.Qb2 Qxb2
31.Bxb2 Nc8 32.Ba6 Nb6 33.Bb7 Ng8 34.Ba3 Bf8 35.Bxc6 Nc4 36.Bc1 Ne7 37.Bb5 Ne5
38.Bb2 Ng6 39.Nc3  1-0

[Event "16th Vienna Open"]
[Site "Vienna AUT"]
[Date "2009.08.15"]
[Round "1"]
[White "Rorato,R"]
[Black "Burg,T"]
[Result "0-1"]
[WhiteElo "2083"]
[BlackElo "2422"]

1.Nf3 Nf6 2.c4 g6 3.Nc3 Bg7 4.e4 d6 5.d4 O-O 6.Be2 e5 7.O-O Nc6 8.d5 Ne7
9.Nd2 a5 10.Rb1 Bd7 11.b3 Qb8 12.a3 c6 13.b4 axb4 14.axb4 cxd5 15.cxd5 b5
16.Nb3 Rc8 17.Bb2 Bh6 18.Na5 Rxc3 19.Bxc3 Nxe4 20.Be1 Nf6 21.f4 e4 22.Nc6 Nxc6
23.dxc6 Bxc6 24.f5 Nd5 25.fxg6 hxg6 26.Rc1 Bxc1 27.Qxc1 Qb6+ 28.Bf2 e3 29.Be1 Bb7
30.Qb2 Re8 31.Kh1 Re4 32.Rf3 Rd4 33.Qa3 Rf4 34.Rh3 Qd8 35.Qa7 Qc8 36.Qa1 Qxh3  0-1

[Event "25th Open"]
[Site "Geraadsbergen BEL"]
[Date "2009.08.16"]
[Round "9"]
[White "Legemaat,G"]
[Black "Verlinden,R"]
[Result "0-1"]
[WhiteElo "2232"]
[BlackElo "1921"]

1.d4 Nf6 2.c4 g6 3.Nc3 Bg7 4.e4 d6 5.Nf3 O-O 6.Be2 e5 7.O-O Nc6 8.d5 Ne7
9.Ne1 Nd7 10.Be3 f5 11.f3 f4 12.Bf2 g5 13.g4 b6 14.b4 h5 15.h3 Rf6 16.Kg2 Rh6
17.Rh1 Ng6 18.Rh2 Kf7 19.Rc1 a6 20.Nd3 Qh8 21.Qg1 Nf6 22.Kh1 Bd7 23.Rc2 Qh7
24.Bd1 Rh8 25.Be1 hxg4 26.hxg4 Nh4 27.Bxh4 gxh4 28.c5 bxc5 29.bxc5 Bxg4 30.cxd6 Bc8
31.Nxe5+ Kg8 32.dxc7 Nh5 33.Ng4 Ng3+ 34.Kg2 h3+ 35.Rxh3 Rxh3 36.e5 Rh1 37.Qb6 Qh3+
38.Kf2 Qf1+  0-1

[Event "ch-SCCF State"]
[Site "Los Angeles USA"]
[Date "2009.08.16"]
[Round "3"]
[White "Liu,E"]
[Black "Morshedi,A"]
[Result "0-1"]
[WhiteElo "2356"]
[BlackElo "2290"]

1.d4 Nf6 2.Nf3 g6 3.c4 Bg7 4.Nc3 O-O 5.e4 d6 6.Be2 e5 7.O-O Nc6 8.d5 Ne7
9.Ne1 Nd7 10.Nd3 f5 11.Bd2 Nf6 12.f3 f4 13.c5 g5 14.Rc1 Ne8 15.Nb5 a6 16.Na3 Ng6
17.Nc4 Rf7 18.cxd6 Nxd6 19.Nc5 Nf8 20.Qb3 Nb5 21.Bc3 Qe7 22.Nd3 Nd7 23.a4 Nxc3
24.Rxc3 Bf8 25.Na5 b6 26.Nc6 Qf6 27.a5 b5 28.Qc2 Rg7 29.b4 h5 30.h3 Bd6 31.Nf2 Qh6
32.Nd8 Nf8 33.Rc1 Bxh3 34.Nb7 g4 35.Nxd6 cxd6 36.Rc7 Bxg2 37.Rxg7+ Qxg7 38.fxg4 f3
39.Qc6 Ra7 40.Qc8 Rd7 41.Qxa6 hxg4 42.Bxb5 g3 43.Rc8 gxf2+ 44.Kxf2 Rf7 45.Bf1 Qg4
46.Rc3 Qh4+ 47.Kg1 Rg7  0-1

[Event "16th Vienna Open"]
[Site "Vienna AUT"]
[Date "2009.08.17"]
[Round "3"]
[White "Stanec,N"]
[Black "Ootes,La"]
[Result "0-1"]
[WhiteElo "2532"]
[BlackElo "2261"]

1.d4 d6 2.c4 Nf6 3.Nc3 g6 4.e4 Bg7 5.Be2 O-O 6.Nf3 e5 7.O-O Nc6 8.d5 Ne7
9.Bg5 Nd7 10.Nd2 f6 11.Be3 f5 12.f3 f4 13.Bf2 h5 14.b4 g5 15.c5 Nf6 16.cxd6 cxd6
17.Nc4 g4 18.Nb5 g3 19.hxg3 fxg3 20.Bxg3 Ne8 21.Bh4 Qd7 22.a4 Ng6 23.Bg5 Nf4
24.Bxf4 Rxf4 25.Ne3 Qd8 26.Rf2 a6 27.Na3 Bh6 28.Nac4 Rf7 29.Nf1 Rg7 30.Nce3 Qb6
31.Qb3 Bf4 32.a5 Qd8 33.b5 axb5 34.Bxb5 Nf6 35.Nc4 Nh7 36.Nb6 Ng5 37.Kh1 Nh3
38.gxh3 Rxa5 39.Ba4 Bxh3 40.Nh2 Qg5 41.Qb2 Ra6 42.Nc4  0-1

[Event "RUS-CHN Match w Standard"]
[Site "Sochi RUS"]
[Date "2009.08.18"]
[Round "4"]
[White "Zhao Xue"]
[Black "Romanko,M"]
[Result "0-1"]
[WhiteElo "2544"]
[BlackElo "2447"]

1.d4 Nf6 2.c4 g6 3.Nc3 Bg7 4.e4 d6 5.Nf3 O-O 6.Be2 e5 7.O-O Nc6 8.d5 Ne7
9.Nd2 Nd7 10.b4 a5 11.bxa5 Rxa5 12.Nb3 Ra8 13.a4 f5 14.Bf3 Kh8 15.Ra2 Ng8
16.a5 Ngf6 17.Re1 Rg8 18.Be2 f4 19.Ba3 Bf8 20.Bb4 g5 21.g4 h5 22.h3 hxg4
23.hxg4 Kg7 24.f3 Be7 25.Kf2 Nf8 26.c5 Ng6 27.cxd6 Bxd6 28.Bxd6 cxd6 29.Rh1 Bd7
30.Ke1 Nh4 31.Rg1 Rh8 32.Kd2 b6 33.a6 b5 34.Rh1 Qb6 35.Qg1 Qc7 36.Qf2 Rhc8
37.Rc1 Qb8 38.a7 Qb7 39.Ra5 Rc4 40.Bxc4 bxc4 41.Na1 Qb4 42.Ra2 Bxg4 43.Nc2 Qb3
44.Ne1 Bxf3 45.Rac2 Qb4  0-1

[Event "BDO Challenger"]
[Site "Haarlem NED"]
[Date "2009.08.19"]
[Round "5"]
[White "Gijswijt,B"]
[Black "Stets,D"]
[Result "0-1"]
[WhiteElo "2265"]
[BlackElo "2427"]

1.d4 Nf6 2.c4 g6 3.Nc3 Bg7 4.e4 d6 5.Nf3 O-O 6.Be2 e5 7.O-O Nc6 8.d5 Ne7
9.Ne1 Nd7 10.f3 f5 11.g4 Nf6 12.Nd3 c6 13.Be3 Kh8 14.h4 b5 15.b3 a5 16.Nf2 Rb8
17.Kg2 b4 18.Na4 cxd5 19.cxd5 fxg4 20.fxg4 Nexd5 21.exd5 Nxd5 22.Bg5 Nf4+
23.Kh2 Qd7 24.Ne4 h5 25.Bxf4 exf4 26.Rc1 Be5 27.Rxc8 f3+ 28.Kh1 Qxg4 29.Rxf3 Qxh4+
30.Kg2 Rbxc8 31.Nf2 Rxf3 32.Bxf3 Qg5+ 33.Bg4 hxg4  0-1

[Event "5th Geller Mem Open A"]
[Site "Odessa UKR"]
[Date "2009.08.20"]
[Round "1"]
[White "Grigoryev,J"]
[Black "Tregubov,V"]
[Result "1-0"]
[WhiteElo "1838"]
[BlackElo "2233"]

1.d4 Nf6 2.c4 g6 3.Nc3 Bg7 4.e4 d6 5.Nf3 O-O 6.Be2 e5 7.O-O Nc6 8.d5 Ne7
9.Ne1 Nd7 10.Be3 f5 11.f3 f4 12.Bf2 g5 13.Nb5 a6 14.Na7 Rxa7 15.Bxa7 b6 16.c5 dxc5
17.Rc1 a5 18.a3 Bb7 19.b4 Nc8 20.bxc5 Nxc5 21.Rxc5 Nxa7 22.Rc3 Qd7 23.Qc2 Rc8
24.Bc4 Bf8 25.Nd3 Bd6 26.a4 h5 27.Nb2 Bc5+ 28.Kh1 Kh8 29.Be2 Bb4 30.Rc4 Bd6
31.Rc1 Kg7 32.Rc3 Kf6 33.Nc4 Ke7 34.Nxd6 cxd6 35.Rxc8 Bxc8 36.Qc7 g4 37.Qxb6 Ke8
38.Bb5 Nxb5 39.Qxb5 Qxb5 40.axb5 Kd8 41.Ra1 gxf3 42.gxf3 Kc7 43.Rc1+ Kb7
44.Rc6 Bd7 45.Ra6 Bxb5 46.Rxa5 Bd7 47.h4 Kb6 48.Ra8 Kc5 49.Rh8 Kd4 50.Rxh5 Ke3
51.Kg2 Bb5 52.Rxe5 Be2 53.Re6 Bxf3+ 54.Kf1 Be2+ 55.Ke1 f3 56.Rf6 Kxe4 57.Rxd6 Bc4
58.h5 Ke3 59.Re6+ Kf4 60.Kf2 Bxd5 61.Rg6 Kf5 62.Rg3 Kf6 63.h6 Be4 64.Rg4 Bc2
65.Ke3 Kf7 66.Rg7+ Kf8 67.Kxf3 Bb1 68.Kf4 Bc2 69.Kg5 Bb1 70.Kf6  1-0

[Event "5th Geller Mem Open A"]
[Site "Odessa UKR"]
[Date "2009.08.21"]
[Round "2"]
[White "Bogdanov,O"]
[Black "Golubev,M"]
[Result "0-1"]
[WhiteElo "2287"]
[BlackElo "2487"]

1.d4 g6 2.Nf3 Bg7 3.c4 Nf6 4.Nc3 O-O 5.e4 d6 6.Be2 e5 7.O-O Nc6 8.d5 Ne7
9.Ne1 Nd7 10.Be3 f5 11.f3 f4 12.Bf2 g5 13.a4 Ng6 14.a5 Kh8 15.Nd3 Nf6 16.c5 Rg8
17.cxd6 cxd6 18.Nb4 a6 19.Nc2 h5 20.Na4 g4 21.Nb6 Rb8 22.Nxc8 Rxc8 23.Bb6 Qd7
24.Ne1 Bh6 25.Nd3 Nh4 26.Ne1 Nxg2 27.Nxg2 g3 28.hxg3 fxg3 29.Nf4 g2 30.Nxg2 Qh3
31.Rf2 Bf4 32.Bd3 Rg6 33.Kf1 Bg3 34.Ke2 Bxf2 35.Nf4 exf4 36.Bxf2 Rg2 37.Qh1 Qg3
38.Rf1  0-1

[Event "16th Vienna Open"]
[Site "Vienna AUT"]
[Date "2009.08.21"]
[Round "7"]
[White "Zilka,S"]
[Black "Ramondino,R"]
[Result "1-0"]
[WhiteElo "2466"]
[BlackElo "2274"]

1.d4 Nf6 2.c4 g6 3.Nc3 Bg7 4.e4 d6 5.Nf3 O-O 6.Be2 e5 7.O-O Nc6 8.d5 Ne7
9.Ne1 Nd7 10.Nd3 f5 11.Bd2 Nf6 12.f3 f4 13.c5 g5 14.Rc1 Ng6 15.cxd6 cxd6
16.Nb5 Rf7 17.Qc2 Ne8 18.a4 h5 19.Nf2 Bd7 20.Qb3 Bf6 21.Rc2 Qb8 22.a5 Bd8
23.Rfc1 a6 24.Na3 b5 25.Be1 Rg7 26.h3 Nh8 27.Ra1 Nf6 28.Rcc1 Nf7 29.Nc2 g4
30.fxg4 hxg4 31.hxg4 Nh6 32.Nb4 Nhxg4 33.Nc6 Qb7 34.Nxg4 Nxg4 35.Bf3 Kh8
36.Rc3 Bf6 37.Qb4 Rag8 38.Qxd6 Rg6 39.Bxg4 Bxg4 40.Nxe5 Qa7+ 41.Bf2 Bxe5
42.Qxe5+ Qg7 43.Bd4  1-0

[Event "XXVI Open A"]
[Site "Collado Villalba ESP"]
[Date "2009.08.22"]
[Round "2"]
[White "Ubilava,E"]
[Black "Ponce Lopez,M"]
[Result "1/2-1/2"]
[WhiteElo "2547"]
[BlackElo "2185"]

1.Nf3 Nf6 2.c4 g6 3.Nc3 Bg7 4.e4 d6 5.d4 O-O 6.Be2 e5 7.O-O Nc6 8.d5 Ne7
9.Ne1 Nd7 10.f3 f5 11.g4 f4 12.Rf2 g5 13.Nd3 a5 14.a3 b6 15.Rb1 Ng6 16.b4 axb4
17.axb4 Ba6 18.Nb2 Nh4 19.Nca4 h5 20.h3 Rf7 21.Bd2 Bf8 22.Ra1 Bc8 23.Ra3 Nf6
24.Rc3 Bd7 25.Kf1 Qe8 26.Ra3 hxg4 27.hxg4 Rh7 28.Qc2 Qg6 29.Ke1 Qh6 30.Qd3 Ng6
31.Kd1 Qh4 32.Be1 Qh1 33.Rf1 Qg2 34.Rf2  1/2-1/2

[Event "16th Vienna Open"]
[Site "Vienna AUT"]
[Date "2009.08.22"]
[Round "8"]
[White "Karner,C"]
[Black "Enoeckl,P"]
[Result "1-0"]
[WhiteElo "2373"]
[BlackElo "2216"]

1.d4 Nf6 2.c4 g6 3.Nc3 Bg7 4.e4 d6 5.Nf3 O-O 6.Be2 e5 7.O-O Nc6 8.d5 Ne7
9.Ne1 Nd7 10.Nd3 f5 11.Bd2 Nf6 12.f3 f4 13.c5 g5 14.Rc1 Rf7 15.cxd6 cxd6
16.Nf2 Ng6 17.Qb3 Ne8 18.Rc2 h5 19.h3 Bf6 20.Rfc1 Rc7 21.Nb5 Rxc2 22.Rxc2 Bd7
23.a4 Qb8 24.a5 Bd8 25.Na3 a6 26.Nc4 Bb5 27.Bf1 b6 28.Nxb6 Bxb6 29.axb6 Qxb6
30.Rc1 Rb8 31.Bxb5 axb5 32.Kf1 Qd4 33.Qb4 Qa7 34.Nd3 g4 35.hxg4 hxg4 36.fxg4 Nh8
37.Nf2 Nf7 38.Qa5 Qd4 39.Qc3 Qa7 40.Qa3 Qd4 41.Qc3 Qa7 42.g3 b4 43.Qd3 fxg3
44.Qxg3 Qd4 45.Qd3 Qxb2 46.Rb1 Qa2 47.Rxb4 Rxb4 48.Bxb4 Kg7 49.Bd2 Nf6 50.Qe2 Qb1+
51.Kg2 Nh8 52.g5 Ng8 53.Qg4 Qb7 54.Qe6 Qe7 55.Qxe7+ Nxe7 56.Kf3 Nf7 57.Kg4 Kg6
58.Nh1 Nc8 59.Be3  1-0